| 000 | 01747nam a2200385 i 4500 | ||
|---|---|---|---|
| 003 | DO-SdBNP | ||
| 005 | 20240826104701.0 | ||
| 007 | ta | ||
| 008 | 240826s2024 dr ac 000 0 spa d | ||
| 020 | _a9789945189889 | ||
| 040 |
_aDO-SdBNP _bspa _cBNPHU _erda |
||
| 082 | 4 |
_222 _bO55 |
|
| 245 | 0 | 0 |
_aOmnia vincit poesis / todo lo puede poesía : _bantología poética / _cedición Rei Berroa |
| 264 | 1 |
_aSanto Domingo : _bTeatro de la Luna, _bBúho, _c2024. |
|
| 300 |
_a252 páginas ; _bilustraciones, retratos _c22 cm. |
||
| 336 |
_2rdacontent _atexto _btxt |
||
| 337 |
_2rdamedia _asin mediación _bn |
||
| 338 |
_2rdacarrier _avolumen _bnc |
||
| 490 | 1 |
_aLibros de la luna _v17 |
|
| 500 | _aOmnia vincit poesis / Todo lo puede poesía incluye una selección de los poemas leídos en el XXXI Maratón de Poesía "La pluma y la palabra" del teatro de la Luna, celebrado en la Biblioteca del Congreso y en la Casa de la Luna de Washington, DC del 14 al 16 de junio de 2024. | ||
| 500 | _aXXXI (31) Maratón de poesía del Teatro de la Luna. | ||
| 590 | _aInventariado, 2022/ YL | ||
| 700 | 1 |
_aBerroa, Rei _eedición, _985976 |
|
| 700 | 1 |
_aDelmonte, José Enrique _epoeta _eRepública Dominicana _978588 |
|
| 700 | 1 |
_aEstévez, Sofia _epoeta _eRepública Dominicana _986393 |
|
| 700 | 1 |
_aGutiérrez y Muhs, Gabriella _epoeta _eEstados Unidos _986394 |
|
| 700 | 1 |
_aLara, Elizabeth _epoeta _eEstados Unidos _986395 |
|
| 700 | 1 |
_aGelinas, Dana _epoeta _eMéxico _986396 |
|
| 700 | 1 |
_aRoblest, Alberto _epoeta _eMéxico _986397 |
|
| 700 | 1 |
_aXiquín, Calixta Gabriel _epoeta _eGuatemala _986398 |
|
| 700 | 1 |
_aMejía, Luz Stella _epoeta _eColombia _986399 |
|
| 700 | 1 |
_aDuval, Elizabeth _epoeta _eEspaña _986400 |
|
| 910 | _aYLockward | ||
| 942 |
_2ddc _cLBS1 |
||
| 999 |
_c57544 _d57544 |
||